000 01001cab a2200265 4500
001 ABS56554
008 090401t1997 xxu||||| |||| 00| 0 eng d
035 _a(Sirsi) u24489
041 _aeng
100 _aBowcock, J.
245 4 _aThe new supplement to the FIDIC Red Book
260 _c1997
350 _a0
490 _aInternational Construction Law Review
_v14(1) January 1997, 49-60(12)
520 _aOutlines the contents of the October 1996 supplement to the FIDIC Conditions of Contract for Works of Civil Engineering Construction, relating to dispute adjudication procedure, lump sum payments, and wording to avoid being penalised for late certification.
650 _aADJUDICATION PROCEDURE
650 _aCIVIL ENGINEERING CONTRACTS
650 _aDISPUTE RESOLUTION
_96236
650 _aFIDIC CONDITIONS OF CONTRACT
650 _aFIDIC RED BOOK
650 _aLUMP SUM CONTRACTS
690 _aBUILT ENVIRONMENT-BUILDING CONTRACT FORMS
942 _n0
948 _c04/03/1997
999 _c16423
_d16423